000 00558nam a2200205Ia 4500
003 GCL
008 140319s9999 xx 000 0 eng d
040 _aGCL /
_cGCL
082 0 4 _a709.022
_bF A
100 1 _aFALDA, JARASLAV
245 1 0 _aTHE ART OF THE CRUSADERS IN THE HOLY LAND 1098 - 1187 /
_cFALDA, JARASLAV
260 _a[S.N] :
_bCAMLRIDGE UNIVERSITY PRESS ،
_c1995
300 _a672 P
650 0 4 _aARTS
650 0 4 _aARCHITECTURE
650 0 4 _aCRUSADES 1274 - 1580
650 0 4 _aCRUSADERS - ARTS
650 0 4 _aHOLY LAND
942 _2ddc
_cBK
999 _c15250
_d15250